00476nam a2200205Ia 4500008004100000020001800041050001500059100001700074245002700091245002100118245002000139260001000159260001200169260000900181300001600190300002000206300001000226300002600236500000800262170918s9999 xx 000 0 und d a9780810988941 bK558d 2008 aKinney, Jeff aDiary of a wimpy kid : bRoderick rules / cby Jeff Kinney. aUSA : bAmulet, c2008 a216 pages : billustrations ; c20cm. eDiary of a wimpy kid. a910